Statistics for WWE Finishers: Hard Mode #3

Click here to take the quiz!

General Stats

  • This quiz has been taken 46 times
  • The average score is 27 of 43

Answer Stats

FinisherWrestler% Correct
RKORandy Orton
100%
PedigreeSeth Rollins / Triple H
100%
Sweet Chin MusicShawn Michaels
97%
Brogue KickSheamus
95%
StunnerSteve Austin / Kevin Owens
95%
Tombstone PiledriverThe Undertaker / Kane
95%
F-5Brock Lesnar
90%
Claymore KickDrew McIntyre
87%
Atomic Leg DropHulk Hogan
87%
Sharpshooter (Submission)Bret 'The Hitman' Hart
85%
GTSCM Punk
85%
Figure 4 Leg LockRic Flair
85%
Helluva KickSami Zayn
85%
Trouble in ParadiseKofi Kingston
82%
RiptideRhea Ripley
82%
Five Star Frog SplashRob Van Dam
82%
Axe KickBooker T
77%
Guillotine ChokeRoman Reigns / Daniel Bryan
74%
W.M.DBig Show
72%
Bionic ElbowDusty Rhodes
72%
KillswitchChristian
69%
The CobraSantino Marella
67%
Black MassAleister/Malakai Black
59%
KODBianca Belair
59%
Diving Elbow Drop'Macho Man' Randy Savage
56%
GoreRhyno
56%
630 SentonRicochet
56%
Glam SlamBeth Phoenix
49%
KhallasJinder Mahal
49%
Jackknife PowerbombKevin Nash
49%
Black Widow (Submission)AJ Lee
46%
From the Heavens Frog SplashMontez Ford
46%
Broski BootZack Ryder
44%
Torpedo MoscowIlja Dragunov
41%
450 SplashJustin Gabriel / Mustafa Ali
33%
Cross ArmbreakerAlberto Del Rio
31%
Hammerlock DDTAndrade
31%
The WormScotty 2 Hotty
31%
Code RedZelina Vega
26%
PiledriverJerry 'The King' Lawler
21%
DominatorRon Simmons / Farooq
21%
T-Bone SuplexShelton Benjamin
18%
Canadian Backbreaker (Submission)Bruno Sammartino
15%

Score Distribution

Percentile by Number Answered

Percent of People with Each Score

Your Score History

You have not taken this quiz